00508nam a2200157 a 45000010005000000030005000050050017000100080041000270200018000680400014000861000029001002450136001292600034002653000024002997000027003231656CDMR20140715180018.0140709s2014 sp ||||| |||| 00| 0 spa d a9788416001200 bcatcCDMR1 aPaone, Mariangelad1980-14aLas cuatro estaciones de Atenasb: crónicas desde un país ahogado por su rescatecMariangela Paone, Joaquin Estefana (pròleg) aMadridbLibros del K.O.c2014 a159 p.e+ 1 cartell1 aEstefanía, Joaquín